|
|
|
|
| LEADER |
01138nam a2200301 a 4500 |
| 001 |
AAL2921 |
| 003 |
BD-DhAAL |
| 005 |
20160210173824.0 |
| 008 |
150129s1998 njua b 001 0 eng |
| 010 |
|
|
|a 97039536
|
| 020 |
|
|
|a 0691017409 (cloth : alk. paper)
|
| 020 |
|
|
|a 0691017417 (pbk. : alk. paper)
|
| 040 |
|
|
|a DLC
|c DLC
|d DLC
|d BD-DhAAL
|
| 050 |
0 |
0 |
|a JK1118
|b .K65 1998
|
| 082 |
0 |
0 |
|a 324/.4/0973
|2 21
|
| 999 |
|
|
|c 33530
|d 33530
|
| 999 |
|
|
|c 33530
|
| 100 |
1 |
|
|a Kollman, Ken,
|d 1966-
|9 7623
|
| 245 |
1 |
0 |
|a Outside lobbying :
|b public opinion and interest group strategies /
|c Ken Kollman.
|
| 260 |
|
|
|a Princeton, N.J. :
|b Princeton University Press,
|c c1998.
|
| 300 |
|
|
|a xiv, 215 p. :
|b ill. ;
|c 24 cm.
|
| 504 |
|
|
|a Includes bibliographical references (p. [201]-209) and index.
|
| 541 |
|
|
|e 2921
|
| 610 |
1 |
0 |
|a United States.
|b Congress
|x Constituent communication.
|9 7624
|
| 650 |
|
0 |
|a Lobbying
|z United States.
|9 7513
|
| 650 |
|
0 |
|a Pressure groups
|z United States.
|9 7514
|
| 942 |
|
|
|2 ddc
|c BK
|
| 952 |
|
|
|0 0
|1 0
|2 ddc
|4 0
|6 324_409730000000000_KOL
|7 0
|9 52374
|a SCL
|b SCL
|c GEN
|d 2015-01-29
|l 0
|o 324.40973 KOL
|p 3020002921
|r 2015-01-29
|t 1
|w 2015-01-29
|y BK
|